Biggest NFL Contracts - Statistics

General Stats
  • This quiz has been taken 34 times
    2 since last reset
  • The average score is 22 of 42
Answer Stats
Hint Answer % Correct
4 years; $240m Dak Prescott
100%
5 years; $255m Jalen Hurts
100%
4 years; $161m Ja'Marr Chase
100%
4 years; $212m Jared Goff
100%
5 years; $275m Joe Burrow
100%
4 years; $220m Jordan Love
100%
6 years;$330m Josh Allen
100%
5 years; $262.5m Justin Herbert
100%
4 years; $140m Justin Jefferson
100%
5 years; $230.5m Kyler Murray
100%
5 years; $260m Lamar Jackson
100%
4 years; $186m Micah Parsons
100%
5 years; $170m Nick Bosa
100%
10 years; $450m Patrick Mahomes
100%
5 years; $242m Russel WIlson
100%
5 years; $275m Trevor Lawrence
100%
4 years; $212.4m Tua Tagovailoa
100%
4 years; $180m Aidan Hutchinson
50%
4 years; $120.01m Amon-Ra St. Brown
50%
4 years; $136m Ceedee Lamb
50%
4 years; $160m Daniel Jones
50%
5 years; $140m Davante Adams
50%
4 years; $180m Kirk Cousins
50%
4 years; $160m Matthew Stafford
50%
4 years $160m Myles Garrett
50%
4 years; $115m Tee Higgins
50%
4 years; $120m Tyreek Hill
50%
5 years; $117.5m Andrew Thomas
0%
5 years; $110m Bradley Chubb
0%
4 years; $120m Brandon Aiyuk
0%
5 years; $141m Brian Burns
0%
5 years; $158.75m Chris Jones
0%
5 years; $102.5m Chris Lindstrom
0%
4 years; $110m Christian Wilkins
0%
5 years; $230m Deshaun Watson
0%
5 years; $135m Joey Bosa
0%
6 years; $141m Khalil Mack
0%
3 years; $106.5m Maxx Crosby
0%
4 years; $112m Penei Sewell
0%
4 years; $112m T.J. Watt
0%
6 years; $138 Trent Williams
0%
6 years; $120m Von Miller
0%
No matching quizzes found
Score Distribution
Percent of People with Each Score
Percentile by Number Answered
Your Score History
You have not taken this quiz since the last reset